000 01606nam a2200433 a 4500
001 000012733
003 DO-SdBPM
005 20260129101948.0
007 ta
008 091116s2005 dr r 001 0 spa d
020 _a9993430749
040 _aDO-SdBPM
_bspa
_cBPMSU
_drda
082 4 _aRD863.44
_bM647f 2005
_222
100 1 _aMiller Otero, Fredy,
_d1918-1959
_eautor
_4aut.
245 1 0 _aFredy Miller realidad y leyenda :
_bcuentos, poemas y otros textos /
_cFredy Miller Otero ; presentación Jeannette Miller ; introducción Miguel D. Mena.
260 _c
264 _aSanto Domingo :
_bBanco Central,
_c2005
300 _a213 páginas :
_bilustracionnes retratos. ;
_c31 cm.
336 _atexto
_btxt
_2rdacontent
337 _asin mediación
_bn
_2rdamedia
338 _avolumen
_bnc
_2rdacarrier
490 0 _aBanco Central de la República Dominicana
_aArte y literatura
_v73/27
_v
500 _aIncluye datos biográficos del autor : p. 213
500 _aIncluye referencias bibliográficas y notas al pie de las páginas
504 _aBibliografía : páginas. 209-210
590 _aInventariado, 2026/VM
600 1 7 _aMiller, Fredy
_d1918-1959
_xCrítica e interpretación
650 7 _aCuentos dominicanos
650 7 _aPoesía dominicana
650 7 _aNovela dominicana
650 7 _aLiteratura dominicana.
650 z _aShort stories, Dominican
650 z _aDominican fictions
650 z _aDominican literature
700 1 _aMiller, Jeannette,
_d1944-
_eeditora
700 1 7 _aMena, Miguel D.
910 _aVMateo V. Control de calidad. BPMSU
942 _2ddc
_cBK
999 _c15642
_d15642